Agricultural Research and Experimental Designs,ការស្រាវជ្រាវកសិកម្ម និងវិធីសាស្រ្តរៀបចំការពិសោធន៍ (Record no. 22016)

000 -LEADER
fixed length control field 00469nam a22001217a 4500
040 ## - CATALOGING SOURCE
Transcribing agency RUA
082 ## - DEWEY DECIMAL CLASSIFICATION NUMBER
Classification number AGR MEN 2012 C332 Or.
100 ## - MAIN ENTRY--AUTHOR NAME
Personal name ម់ែន សារុម
245 ## - TITLE STATEMENT
Title Agricultural Research and Experimental Designs,ការស្រាវជ្រាវកសិកម្ម និងវិធីសាស្រ្តរៀបចំការពិសោធន៍
260 ## - PUBLICATION, DISTRIBUTION, ETC. (IMPRINT)
Place of publication phnom penh
Name of publisher rua
Year of publication 2012
300 ## - PHYSICAL DESCRIPTION
Number of Pages xxiii.413p.
Other physical details ill.
Dimensions 25cm.
942 ## - ADDED ENTRY ELEMENTS (KOHA)
Koha item type ឯកសារស្រាវជ្រាវ
952 ## - LOCATION AND ITEM INFORMATION (KOHA)
Withdrawn status [LOCAL, KOHA] 0
Holdings
Permanent Location Date acquired Koha item type Lost status Shelving location Barcode Current Location Full call number
Library Block C2023-10-18ឯកសារស្រាវជ្រាវ C332a73379Library Block CAGR MEN 2012 C332 Or.
មជ្ឈមណ្ឌលឯការនៃសាកលវិទ្យាល័យភូមិន្ទកសិកម្មចំការដូង

Powered by Koha